000 00888nam a2200253Ia 4500
003 OSt
005 20221005104124.0
006 a|||||r|||| 00| 0
007 ta
008 221004b |||||||| |||| 00| 0 hin d
024 _a30336
037 _cTextual
040 _aCRL
_cCRL
_bhin
041 _2hin
_ahin
082 _aV2'L40, 152M0
100 _aचन्द्र, सतीश
245 0 _aउत्तर मुगलकालीन भारत - 1707-1740
246 _aUttar mugalakālīn bhārat - 1707-1740
260 _aदिल्ली
_bदि मैकमिलन कंपनी ऑफ इंडिया लिमिटेड भारत
_c1980
300 _a243पृ.
_ccm.
650 _aभारत-इतिहास
_9156353
942 _hV2'L40, 152M0
_cTEXL
_2cc
999 _c1011774
_d1011774